Estados financieros segn︢ las NIF Caso prc̀tico /

Bibliographic Details
Main Author: Rocha Ramr̕ez, Rubň
Format: eBook
Language:Spanish
Published: Ciudad de Mx̌ico Instituto Mexicano de Contadores Pb︢licos, 2020
Subjects:
Online Access:Acceso restringido

MARC

LEADER 00000nam a22000007a 4500
005 20201027225622.0
007 cr|||| ||||
008 201027s2020 mx |||||s|||| 00||0 spa d
020 |a 978-607-563-034-2 
035 |a 32188 
040 |a vLex 
090 |c 10796  |d 10796 
100 1 |a Rocha Ramr̕ez, Rubň 
245 1 0 |a Estados financieros segn︢ las NIF  |h [Recurso electrn̤ico] :  |b Caso prc̀tico /  |c Rubň Rocha Ramr̕ez 
256 |a Servicio en ln̕ea 
260 |a Ciudad de Mx̌ico  |b Instituto Mexicano de Contadores Pb︢licos,  |c 2020 
300 |a 1 recurso electrn̤ico 
500 |a Este libro ofrece a los lectores una visin̤ panorm̀ica de las Normas de Informacin̤ Financiera (NIF) y pretende ser un puente que permita a profesionales y a estudiantes de la Contadura̕ Pb︢lica unir las necesiƯdades de sustentar las decisiones tomadas en materia de preparacin̤ de estados financieros con las disposiciones normativas. A los profesionales les ayudar ̀a hacer una recapitulacin̤ sobre las disƯposiciones en las que se respalda la forma de preparacin̤ y manifesƯtacin̤ de la informacin̤ financiera mediante documentos conocidos como estados financieros bs̀icos; a los estudiantes les enfatiza que los conocimientos transmitidos por sus profesores estǹ respaldados por estudios de profesionales de las normas contables, las cuales se hacen tangibles en las NIF. La obra contiene un caso prc̀tico del proceso de elaboracin̤ de los registros contables y de la formulacin̤ de estados financieros con apego a las NIF. Adems̀, muestra el proceso contable para el registro de las operaciones, referencias a las NIF y a los papeles de trabajo para la formulacin̤ de los estados financieros bs̀icos (estado de situacin̤ financiera, estado de resultado integral, estado de cambios en el capital contable y estado de flujos de efectivo), e incluye una gua̕ para la formulacin̤ de las notas que deben acompaąr a los estados financieros. As,̕ el lector encontrar ̀las referencias a la normatividad que sustenta la preparacin̤ de estados financieros con la aplicacin̤ de las NIF emitidas por el Consejo Mexicano de Normas de Informacin̤ Financiera, A.C., adems̀ de un modelo de estados financieros, con referencias a cada rengln̤ o rubro de dichos reportes, y de un modelo para su presentacin̤ a los usuarios.de Contadores y financieros, de manera que sea una herramienta t︢il para su desempeǫ. 
506 1 |a Disponible solo en los productos indicados  |d vLex Global  |d vLex Global (Academic Edition, excluding Law Schools)  |d vLex Global (U.S. Academic Edition, Law Schools)  |d vLex Global (U.S. Academic Edition, excluding Law Schools)  |d vLex Global (Academic Edition, Law Schools) 
650 0 4 |a Financiero  |z Mx̌ico 
740 0 |a vLex Libros (Servicio en ln̕ea) 
856 4 0 |u http://vlex.com/source/estados-financieros-segun-las-nif-caso-practico-32188  |z Acceso restringido 
942 |c BOOK 
999 0 |a Financial